00478nam a2200193 a 4500001001300000003000900013005001700022008004100039020001000080082001300090100001800103245002900121260003700150300000800187500003500195505000900230650002700239700001800266nice12345678IN_TiNIC20260116011807.0050524s0000 beia grp 000 0 ara  ac10000a248bABD aAbdul Masih,  aTa`azzim-U-Nafsi-Al Rabb aBeirutbMarkaz Ilshabiyatac0000 a80p aincludes index and biblioraphy2 aMaps aSpirituality-Christian1 aAbdul Masih,